000 00669nam a22002417a 4500
003 OSt
005 20220107122836.0
008 180227b xxu||||| |||| 00| 0 eng d
020 _a9781107576469
040 _cIIITMK
082 _a519.5 BRA/F
100 _aBraun, John W
_913663
245 _aFirst course in statistical programming with R
250 _a2
260 _aNew York,
_bCambridge University Press,
_c2016.
300 _axiv, 215p.
650 _aSTATISTICAL PROGRAMMING
_913664
650 _aPROGRAMMING LANGUAGE
_913665
650 _aR LANGUAGE
_913666
650 _aCOMPUTER SCIENCE
_913667
700 _aMurdoch, Duncan J
_913668
942 _2ddc
_cBK
999 _c5976
_d5976